Obr zvaný euro

Harmonogram príprav eura. Základné kritéria pre zavedenie spoločnej meny. Európska centrálna banka ako garant stability eura. Kontinuita práva. Vklady a pohľadávky. Úvery a záväzky. Cenné papiere. Euro a Česká republika.

Saved in:
Bibliographic Details
Main Author: Wawrosz, Petr
Format: Book Chapter
Language:Czech
Subjects:
Tags: Add Tag
No Tags, Be the first to tag this record!

MARC

LEADER 00000naa a2200000 4500
001 r032227
005 20230920094643.8
041 0 |a cze 
044 |a CZ 
245 1 0 |a Obr zvaný euro  |c Petr Wawrosz 
520 |a Harmonogram príprav eura. Základné kritéria pre zavedenie spoločnej meny. Európska centrálna banka ako garant stability eura. Kontinuita práva. Vklady a pohľadávky. Úvery a záväzky. Cenné papiere. Euro a Česká republika. 
610 2 0 |a integrácia ekonomická medzinárodná 
610 2 0 |a euro 
610 2 0 |a eurobanky 
610 2 0 |a inflácia 
610 2 0 |a sadzby úrokové 
610 2 0 |a rozpočty 
610 2 0 |a styk platobný medzinárodný 
610 2 0 |a vklady 
610 2 0 |a pohľadávky 
610 2 0 |a úver 
610 2 0 |a záväzky 
610 2 0 |a papiere cenné 
610 2 0 |a Česko 
610 2 0 |a Európska únia 
100 1 |a Wawrosz, Petr